Statistics for Stoke City Squad 2017-2018

Click here to take the quiz!

General Stats

  • This quiz has been taken 5 times
  • The average score is 19 of 31

Answer Stats

#PositionNationPlayer% Correct
10FWCameroonEric Maxim Choupo-Moting
100%
1GKEnglandJack Butland
100%
9FWBurundiSaido Berahino
100%
22FWSwitzerlandXherdan Shaqiri
100%
27MFSenegalBadou Ndiaye
75%
16MFScotlandCharlie Adam
75%
24MFScotlandDarren Fletcher
75%
20MFUnited StatesGeoff Cameron
75%
4MFWalesJoe Allen
75%
18FWSenegalMame Diouf
75%
-CoachWalesMark Hughes
75%
25FWEnglandPeter Crouch
75%
15DFNetherlandsBruno Martins Indi
50%
3DFNetherlandsErik Pieters
50%
8DFEnglandGlen Johnson
50%
36DFAustraliaHarry Souttar
50%
14MFNetherlandsIbrahim Afellay
50%
29GKDenmarkJakob Haugaard
50%
11FWSpainJesé
50%
12DFEnglandJosh Tymon
50%
5DFAustriaKevin Wimmer
50%
6DFFranceKurt Zouma
50%
33GKEnglandLee Grant
50%
-CoachScotlandPaul Lambert
50%
32FWEgyptRamadan Sobhi
50%
17DFEnglandRyan Shawcross
50%
7MFIrelandStephen Ireland
50%
42DFEnglandTom Edwards
50%
-CoachWalesEddie Niedzwiecki
25%
21DFGreeceKostas Stafylidis
25%
2DFAustriaMoritz Bauer
25%

Score Distribution

Percentile by Number Answered

Percent of People with Each Score

Your Score History

You have not taken this quiz